000 00523nam a2200181Ia 4500
005 20250923144737.0
008 008 250917s9999 xx 000 0 eng d
037 _aTextual
040 _aDSWL
_beng
_cDSWL
041 _aeng
_2eng
084 _aY17:1:6.7326c, K0
_qDSWL
245 0 _aElight generation
_cEd. by John Rohrer
260 _aNew York
_b Harper Brothers
_c1960
300 _axii,346p.
700 _aM.S. Edmonson
_9827963
942 _cTEXL
_hY17:1:6.7326c, K0
999 _c1442781
_d1442781